书目信息 |
| 题名: |
西方科幻文学选读
|
|
| 作者: | 许谨 , 李彤 , 殷世宇 主编 | |
| 分册: | ||
| 出版信息: | 天津 天津大学出版社 2024.11 |
|
| 页数: | 168页 | |
| 开本: | 26cm | |
| 丛书名: | ||
| 单 册: | ||
| 中图分类: | H319.4:I14 | |
| 科图分类: | ||
| 主题词: | 英语--阅读--高等学校--教材 , 幻想小说--小说集--西方国家 | |
| 电子资源: | ||
| ISBN: | 978-7-5618-7794-4 | |
| 000 | 01156nam0 2200289 450 | |
| 001 | 012992235 | |
| 005 | 20251022103230.08 | |
| 010 | @a978-7-5618-7794-4@dCNY39.80 | |
| 100 | @a20241225d2024 em y0chiy0120 ea | |
| 101 | 0 | @achi@aeng |
| 102 | @aCN@b120000 | |
| 105 | @aa z 000ay | |
| 106 | @ar | |
| 200 | 1 | @a西方科幻文学选读@9xi fang ke huan wen xue xuan du@dSelected readings of western science fiction literature@f许谨,李彤,殷世宇主编@zeng |
| 210 | @a天津@c天津大学出版社@d2024.11 | |
| 215 | @a168页@c图,照片@d26cm | |
| 300 | @a新经典高等学校英语系列教程 依托项目:天津市普通高等学校本科教学改革与质量建设研究计划项目 | |
| 330 | @a本书收录了赫伯特·乔治·威尔斯、艾萨克·阿西莫夫、布莱恩·奥尔迪斯等知名科幻作家的作品,涵盖了从19世纪末至20世纪末的诸多经典之作。 | |
| 510 | 1 | @aSelected readings of western science fiction literature@zeng |
| 606 | 0 | @a英语@x阅读@x高等学校@j教材 |
| 606 | 0 | @a幻想小说@x小说集@x西方国家 |
| 690 | @aH319.4:I14@v5 | |
| 701 | 0 | @a许谨@9xu jin@4主编 |
| 701 | 0 | @a李彤@9li tong@4主编 |
| 701 | 0 | @a殷世宇@9yin shi yu@4主编 |
| 801 | 0 | @aCN@c20250905 |
| 905 | @a河南城建学院图书馆@dH319.4@eX875@ZX875@f1 | |
| 西方科幻文学选读=Selected readings of western science fiction literature/许谨,李彤,殷世宇主编.-天津:天津大学出版社,2024.11 |
| 168页:图,照片;26cm |
| 新经典高等学校英语系列教程 依托项目:天津市普通高等学校本科教学改革与质量建设研究计划项目 |
| ISBN 978-7-5618-7794-4:CNY39.80 |
| 本书收录了赫伯特·乔治·威尔斯、艾萨克·阿西莫夫、布莱恩·奥尔迪斯等知名科幻作家的作品,涵盖了从19世纪末至20世纪末的诸多经典之作。 |
| ● |
| 相关链接 |
|
|
|
正题名:西方科幻文学选读
索取号:H319.4/X875
 
预约/预借
| 序号 | 登录号 | 条形码 | 馆藏地/架位号 | 状态 | 备注 |
| 1 | 1631486 | 216314860 | 语言库209/209语言库 50排2列2层/ [索取号:H319.4/X875] | 在馆 |